| 000 | 00657nam a22001697a 4500 | ||
|---|---|---|---|
| 003 | OSt | ||
| 005 | 20200720161229.0 | ||
| 008 | 200720b xxu||||| |||| 00| 0 eng d | ||
| 040 | _cMarathi | ||
| 082 | _b892 | ||
| 100 | _aकेळकर, न. चि. | ||
| 245 | _aलोकमान्य टिळकांचे केसरीतील लेख : भाग ४ | ||
| 260 |
_aपूणे _bकेशरी मराठा संस्था _c1930 |
||
| 300 | _a६०१ पृष्ठे | ||
| 856 | _uhttp://dspace.vpmthane.org:8080/jspui/bitstream/123456789/8716/1/892Lokmanya_Tilkanche_Kesaritil_Lek_Bhag_4.pdf | ||
| 942 |
_2ddc _cEBOOK |
||
| 999 |
_c1408203 _d1408198 |
||